000 00891nam a2200265Ia 4500
003 OSt
005 20220918170520.0
006 a|||||r|||| 00| 0
007 ta
008 220917b |||||||| |||| 00| 0 eng d
020 _a9780262571630 (pbk)
_c2946.23
024 _a289,689
037 _b1271, 22/03/2016, Selectbook Service Syndicate
_cTextual
040 _aARTS
_cARTS
_beng
041 _2eng
_aeng
082 _aP:(S:4), P3
100 _aGentner Dedre Ed.
_929440
245 0 _aLanguage in mind
_b Advances in the study of language and thought
260 _aCambridge
_bThe MIT Press U.S.A.
_c2003
300 _aix, 528p.
_ccm.
650 _aLINGUISTICS
700 _a Goldin-Meadow Susan Ed.
_929441
942 _hP:(S:4), P3
_cTEXL
_2CC
999 _c134434
_d134434